The opposite of sex [dvd] (Record no. 377)
[ view plain ]
| 000 -LEADER | |
|---|---|
| fixed length control field | 02356ngm a2200301 a 4500 |
| 001 - CONTROL NUMBER | |
| control field | ASINB000C4ETCY |
| 005 - DATE AND TIME OF LATEST TRANSACTION | |
| control field | 20200421093827.0 |
| 008 - FIXED-LENGTH DATA ELEMENTS--GENERAL INFORMATION | |
| fixed length control field | 140724s2005 xxu eng d |
| 020 ## - INTERNATIONAL STANDARD BOOK NUMBER | |
| Terms of availability | £5.99 |
| 245 14 - TITLE STATEMENT | |
| Title | The opposite of sex [dvd] |
| Medium | [videorecording] / |
| Statement of responsibility, etc. | Christina Ricci, Martin Donovan, Lisa Kudrow, Lyle Lovett, Johnny Galecki, Christina Ricci, Martin Donovan, Mason Daring, David Kirkpatrick. |
| 260 ## - PUBLICATION, DISTRIBUTION, ETC. | |
| Place of publication, distribution, etc. | [S.l.] : |
| Name of publisher, distributor, etc. | Uca, |
| Date of publication, distribution, etc. | 2005. |
| 300 ## - PHYSICAL DESCRIPTION | |
| Extent | 1 videodisc (97 min.) : |
| Other physical details | sd., col ; |
| Dimensions | 4 3/4 in. |
| 511 1# - PARTICIPANT OR PERFORMER NOTE | |
| Participant or performer note | Starring Christina Ricci, Martin Donovan, Lisa Kudrow, Lyle Lovett, Johnny Galecki. |
| 520 ## - SUMMARY, ETC. | |
| Summary, etc. | Christina Ricci had a great year in 1998. The young actress continued to cast off her youthful image from the Addams Family movies and made a big splash on the independent movie scene, especially in this scathingly witty comedy in which Ricci has the central role. Here she plays Dedee, a buxom, sexually precocious teenager who's pregnant, cynical, and looking for a volunteer father for her unborn child. This takes her to the home of her gay half-brother (Martin Donovan) whose current lover (Ivan Sergei) becomes Dedee's latest target for seduction. That's just the start of the mischief that Dedee so masterfully orchestrates, and Lisa Kudrow (from TV's Friends ) is also on hand to deliver some of the movie's most quotable dialogue while fending off the affection of a local policeman played by Lyle Lovett. If all this sounds rather sordid, rest assured that the movie's got a warm heart (well, sort of) beating beneath all of its sharp-edged sarcasm. Writer-director Don Roos ( Single White Female ) injects most of the movie's appeal and humour through Dedee's voice-over narration, which constantly reminds us that even the most familiar movie clich�s can be cleverly overturned. As a result, The Opposite of Sex is the opposite of boring. --Jeff Shannon. |
| 521 ## - TARGET AUDIENCE NOTE | |
| Target audience note | Suitable for 18 years and over. |
| 538 ## - SYSTEM DETAILS NOTE | |
| System details note | PAL. |
| 700 1# - ADDED ENTRY--PERSONAL NAME | |
| Personal name | Ricci, Christina. |
| 700 1# - ADDED ENTRY--PERSONAL NAME | |
| Personal name | Donovan, Martin. |
| 700 1# - ADDED ENTRY--PERSONAL NAME | |
| Personal name | Kudrow, Lisa. |
| 700 1# - ADDED ENTRY--PERSONAL NAME | |
| Personal name | Lovett, Lyle. |
| 700 1# - ADDED ENTRY--PERSONAL NAME | |
| Personal name | Galecki, Johnny. |
| 700 1# - ADDED ENTRY--PERSONAL NAME | |
| Personal name | Ricci, Christina. |
| 700 1# - ADDED ENTRY--PERSONAL NAME | |
| Personal name | Donovan, Martin. |
| 700 1# - ADDED ENTRY--PERSONAL NAME | |
| Personal name | Daring, Mason. |
| 700 1# - ADDED ENTRY--PERSONAL NAME | |
| Personal name | Kirkpatrick, David. |
| 856 40 - ELECTRONIC LOCATION AND ACCESS | |
| Materials specified | Amazon.com |
| Uniform Resource Identifier | <a href="http://www.amazon.co.uk/exec/obidos/ASIN/B000C4ETCY/chopaconline-20">http://www.amazon.co.uk/exec/obidos/ASIN/B000C4ETCY/chopaconline-20</a> |
| 942 ## - ADDED ENTRY ELEMENTS (KOHA) | |
| Source of classification or shelving scheme | Dewey Decimal Classification |
| Koha item type | Books |
| Withdrawn status | Lost status | Damaged status | Not for loan | Collection | Home library | Current library | Shelving location | Date acquired | Barcode | Date last seen | Price effective from | Koha item type |
|---|---|---|---|---|---|---|---|---|---|---|---|---|
| Reference | Centerville | Centerville | Audio visual | 09/04/2014 | 39999000016550 | 09/04/2014 | 09/04/2014 | Music | ||||
| Reference | Centerville | Centerville | Audio visual | 09/04/2014 | 39999000016574 | 09/04/2014 | 09/04/2014 | Music | ||||
| Reference | Midway | Midway | Audio visual | 09/04/2014 | 39999000016512 | 09/04/2014 | 09/04/2014 | Music | ||||
| Reference | Midway | Midway | Audio visual | 09/04/2014 | 39999000016536 | 09/04/2014 | 09/04/2014 | Music |